[Event "LA LUPA OPEN A "]
[Site "?"]
[Date "2019.05.30"]
[Round "5"]
[White "QUAGLIA, FERDINANDO."]
[Black "TOMASSI, EMIDIO."]
[Result "0-1"]
[WhiteElo "1479"]
[BlackElo "1635"]
[PlyCount "96"]

1. d4 b6 2. c4 Bb7 3. Nc3 Nf6 4. Nf3 e6 5. Bg5 Be7 6. Bxf6 Bxf6 7. e3 O-O 8.
Bd3 h6 9. h4 Na6 10. a3 c5 11. d5 exd5 12. cxd5 Re8 13. Ne4 d6 14. Nxf6+ Qxf6
15. Rb1 Nc7 16. Ng5 hxg5 17. Bh7+ Kf8 18. hxg5 Qxg5 19. Qf3 Bxd5 20. e4 g6 21.
Bxg6 Qxg6 22. Rh8+ Kg7 23. Qc3+ f6 24. Rxe8 Rxe8 25. Rd1 Qxe4+ 26. Kd2 Nb5 27.
Qg3+ Qg6 28. Qxg6+ Kxg6 29. f3 Nd4 30. Kd3 Re2 31. b4 Rxg2 32. a4 Bxf3 33. Re1
Kf7 34. a5 Nc2 35. Rc1 Nxb4+ 36. Ke3 Bc6 37. axb6 axb6 38. Rb1 d5 39. Kf4 d4
40. Kf5 d3 41. Kf4 d2 42. Ke3 Nd5+ 43. Kd3 b5 44. Rd1 b4 45. Ra1 Nc3 46. Kc4
d1=Q 47. Ra7+ Kg6 48. Kxc5 Qd5+ 0-1

[Event "LA LUPA OPEN A "]
[Site "?"]
[Date "2019.05.30"]
[Round "5"]
[White "ROCCHI, FEDERICO."]
[Black "FILOTEI, MARCELLO."]
[Result "1-0"]
[WhiteElo "1903"]
[BlackElo "1571"]
[PlyCount "87"]

1. c4 g6 2. e4 Bg7 3. d4 d6 4. Nc3 f5 5. g3 fxe4 6. Nxe4 Nf6 7. Nc3 O-O 8. Bg2
c6 9. Nge2 Bd7 10. O-O a5 11. h3 Na6 12. Be3 Rb8 13. Rc1 b5 14. cxb5 cxb5 15.
Nf4 Nc7 16. g4 g5 17. Nfe2 h6 18. Ng3 b4 19. Nce4 Nxe4 20. Bxe4 Ne6 21. Bd5 Kh8
22. Nh5 Nf4 23. Bxf4 gxf4 24. Qc2 Be8 25. Nxg7 Kxg7 26. Be6 Bg6 27. Qc7 Qxc7
28. Rxc7 Kf6 29. Bd5 Rbc8 30. Rfc1 Rxc7 31. Rxc7 e6 32. Bb3 Rf7 33. Rc6 Rd7 34.
Kf1 Bd3+ 35. Ke1 d5 36. Kd2 Bf1 37. h4 Ke7 38. Bc2 Rd6 39. Rc5 Ra6 40. g5 hxg5
41. hxg5 Ra7 42. Rc8 Kf7 43. Rh8 Kg7 44. Rh7+ 1-0

[Event "LA LUPA OPEN A "]
[Site "?"]
[Date "2019.05.30"]
[Round "5"]
[White "ALBORE, DANIELE."]
[Black "RABITI, ROBERTO."]
[Result "1-0"]
[WhiteElo "1649"]
[BlackElo "1375"]
[PlyCount "105"]

1. e4 e6 2. d4 d5 3. e5 c5 4. c3 Nc6 5. Nf3 Qb6 6. a3 cxd4 7. cxd4 Nh6 8. b4
Nf5 9. Bb2 Bd7 10. g4 Nfe7 11. Nc3 Na5 12. Na4 Bxa4 13. Qxa4+ Nac6 14. b5 Qa5+
15. Qxa5 Nxa5 16. Rc1 Rc8 17. Be2 Rxc1+ 18. Bxc1 Nc8 19. Bb2 Nb6 20. Nd2 Na4
21. Bc1 Nc3 22. Bd3 Be7 23. O-O O-O 24. f4 Rc8 25. Kf2 Nc4 26. Nxc4 dxc4 27.
Bc2 Nxb5 28. Be4 b6 29. d5 exd5 30. Bxd5 Rc7 31. a4 Nc3 32. Ba8 Nxa4 33. Rd1 g6
34. f5 gxf5 35. gxf5 Nc3 36. Rg1+ Kf8 37. Bh6+ Ke8 38. Rg8+ Kd7 39. Rg7 Bc5+
40. Kf3 Ke8 41. e6 Bf8 42. Rg8 fxe6 43. Rxf8+ Ke7 44. Rh8 exf5 45. Rxh7+ Kd8
46. Bg5+ Kc8 47. Rxc7+ Kxc7 48. h4 Nb5 49. h5 Nd6 50. Bd5 c3 51. h6 Ne4 52.
Bxe4 fxe4+ 53. Kxe4 1-0

[Event "LA LUPA OPEN A "]
[Site "?"]
[Date "2019.05.30"]
[Round "5"]
[White "CIVILOTTI, ROBERTO."]
[Black "MARINO, GIOVANNI."]
[Result "0-1"]
[WhiteElo "1562"]
[BlackElo "2017"]
[PlyCount "66"]
[SourceDate "2019.06.05"]

1. d4 Nf6 2. Nc3 d5 3. Bf4 Bf5 4. f3 h6 5. g4 Bh7 6. h4 e6 7. e3 Bd6 8. Nh3 a6
9. Bd3 c5 10. Bxh7 Nxh7 11. Bxd6 Qxd6 12. Nf4 Nc6 13. Qd2 cxd4 14. exd4 Nf6 15.
O-O-O O-O-O 16. g5 Nd7 17. Rhe1 hxg5 18. hxg5 Rh4 19. Nce2 Nb6 20. b3 Rdh8 21.
Kb1 g6 22. Nd3 Nd7 23. f4 Kb8 24. Ne5 Ndxe5 25. fxe5 Qe7 26. Rf1 Rg4 27. Rf6
Rh5 28. Rdf1 Nd8 29. Nf4 Rhxg5 30. Nxe6 fxe6 31. Rf8 Rg1 32. Qf2 Rxf1+ 33. Qxf1
Rf5 0-1

[Event "LA LUPA OPEN A "]
[Site "?"]
[Date "2019.05.30"]
[Round "5"]
[White "CASTELLANO, LORENZO."]
[Black "CONDORELLI, ROBERTO."]
[Result "1-0"]
[WhiteElo "1841"]
[BlackElo "1374"]
[PlyCount "65"]

1. e4 c6 2. c4 d5 3. cxd5 cxd5 4. exd5 Qxd5 5. Nc3 Qd8 6. Nf3 Nc6 7. Bb5 Bd7 8.
d4 e6 9. Qe2 Nge7 10. Bg5 a6 11. Bc4 Qb6 12. Rd1 O-O-O 13. d5 exd5 14. Nxd5
Nxd5 15. Bxd8 Bb4+ 16. Kf1 Rxd8 17. Bxd5 Re8 18. Qc4 f6 19. Bxc6 Bxc6 20. Nd4
Rd8 21. Qe6+ Kb8 22. Nxc6+ bxc6 23. Rxd8+ Qxd8 24. Qb3 Qd2 25. g3 Kc7 26. Kg2
Bc5 27. Rf1 Bd4 28. Qf7+ Kb6 29. Qxg7 Qxb2 30. Qxh7 Qxa2 31. Rb1+ Kc5 32. Qa7+
Kd5 33. Qf7+ 1-0

[Event "LA LUPA OPEN A "]
[Site "?"]
[Date "2019.05.30"]
[Round "5"]
[White "DE CATALDO, ANTONIO."]
[Black "RENZI, ALESSIO."]
[Result "0-1"]
[WhiteElo "1261"]
[BlackElo "1744"]
[PlyCount "50"]

1. d4 Nf6 2. Nc3 b6 3. Bf4 Bb7 4. e3 e6 5. Bd3 Bb4 6. f3 Nd5 7. Nge2 Nxf4 8.
Nxf4 Qh4+ 9. g3 Qf6 10. O-O Bxc3 11. bxc3 Nc6 12. Be4 Ba6 13. Rf2 h5 14. Bxc6
dxc6 15. Qc1 h4 16. g4 O-O 17. Qa3 Bb5 18. Nd3 Bxd3 19. cxd3 e5 20. Re1 Rfe8
21. Qc1 h3 22. Ref1 Qe6 23. Rc2 g5 24. Qd1 exd4 25. exd4 Qe3+ {IL RESTO E'
ILLEGIBILE} 0-1

[Event "LA LUPA OPEN A "]
[Site "?"]
[Date "2019.06.06"]
[Round "6"]
[White "PALA, GIORGIO."]
[Black "ARIGONI, BRUNO."]
[Result "1-0"]
[WhiteElo "2048"]
[BlackElo "1964"]
[PlyCount "75"]

1. c4 Nf6 2. Nc3 d6 3. g3 c6 4. Bg2 e5 5. Nf3 Nbd7 6. O-O a5 7. d4 Be7 8. b3
O-O 9. Bb2 Re8 10. Qd2 Bf8 11. e4 Qc7 12. Rfe1 h6 13. Rac1 Nh7 14. Na4 g5 15.
c5 dxc5 16. dxc5 f6 17. h3 Be7 18. Qe2 Kg7 19. Nh2 Nhf8 20. Qh5 Ng6 21. Bf1 Rh8
22. Ng4 b5 23. cxb6 Nxb6 24. Nc5 Bxc5 25. Rxc5 Nd7 26. Rc2 Ndf8 27. Ne3 Ne7 28.
Ba3 Nfg6 29. Rec1 Qb7 30. Bxe7 Nxe7 31. Nd5 cxd5 32. Rc7 Qb4 33. R1c5 Kf8 34.
exd5 Qd4 35. R5c6 Qxd5 36. Rxf6+ Kg8 37. Rxe7 Bb7 38. Qg6# 1-0

[Event "LA LUPA OPEN A "]
[Site "?"]
[Date "2019.06.06"]
[Round "6"]
[White "VANNELLI, VITTORIO."]
[Black "D'EVA, MAURIZIO."]
[Result "0-1"]
[WhiteElo "1680"]
[BlackElo "1784"]
[PlyCount "72"]
[EventDate "2019.??.??"]

1. e4 c5 2. Nf3 d6 3. d4 cxd4 4. Nxd4 Nf6 5. Nc3 a6 6. f4 e5 7. Nf3 Qc7 8. Bd3
Be7 9. a4 O-O 10. O-O b6 11. f5 Bb7 12. Bg5 Ng4 13. Bxe7 Qxe7 14. Qe1 Nf6 15.
Qh4 Qc7 16. g4 d5 17. g5 Ne8 18. f6 g6 19. Qh6 Qd6 20. Nh4 dxe4 21. Be2 Qd4+
22. Kh1 e3+ 23. Kg1 Qd7 24. Rad1 Qc7 25. Nd5 Bxd5 26. Rxd5 Nc6 27. Rfd1 Rd8 28.
Rxd8 Nxd8 29. Ng2 Qxc2 30. Kf1 Qf5+ 31. Kg1 Qf2+ 32. Kh1 Qxe2 33. Re1 Qf3 34.
Kg1 Qf2+ 35. Kh1 e2 36. h3 Ne6 {IL BIANCO ABBANDONA} 0-1

[Event "LA LUPA OPEN A "]
[Site "?"]
[Date "2019.06.06"]
[Round "6"]
[White "TOMASSI, EMIDIO."]
[Black "RINALDO, LUIGI."]
[Result "1-0"]
[WhiteElo "1635"]
[BlackElo "1783"]
[PlyCount "93"]

1. Nf3 Nf6 2. c4 c5 3. g3 g6 4. b3 Bg7 5. Bb2 O-O 6. Bg2 d6 7. O-O Nc6 8. d4
cxd4 9. Nxd4 Rb8 10. Bxc6 bxc6 11. Nxc6 Qc7 12. Nxb8 Qxb8 13. Nd2 Bh3 14. Re1
Qb6 15. Nf3 e5 16. e4 Bh6 17. Bc1 Bg7 18. Qd3 Bd7 19. Ba3 Nxe4 20. Qxe4 Bc6 21.
Qe3 Qxe3 22. fxe3 Bxf3 23. Bxd6 Rd8 24. c5 e4 25. Rac1 Bb2 26. Rc4 f6 27. Rb1
Be5 28. Bxe5 fxe5 29. Rc2 Kf7 30. b4 Bd1 31. Rf2+ Ke7 32. Rbb2 Ba4 33. Rbd2 Rd3
34. Rfe2 a6 35. Kf2 Bb5 36. g4 Ke6 37. Kg3 g5 38. h4 h6 39. hxg5 hxg5 40. Kf2
Kd5 41. Ke1 Kc4 42. Rc2+ Kd5 43. Red2 Kc6 44. Rxd3 exd3 45. Rf2 Kd5 46. Kd2 Kc4
47. Rf5 {IL NERO ABBANDONA} 1-0

[Event "LA LUPA OPEN A "]
[Site "?"]
[Date "2019.06.06"]
[Round "6"]
[White "ROBERTI, BRUNO."]
[Black "ALBORE, DANIELE."]
[Result "1/2-1/2"]
[WhiteElo "1850"]
[BlackElo "1649"]
[PlyCount "85"]

1. d4 d5 2. Nf3 Nf6 3. c4 e6 4. g3 c6 5. Bg2 Be7 6. O-O O-O 7. Qc2 Nbd7 8. Nbd2
b6 9. e4 dxe4 10. Nxe4 Nxe4 11. Qxe4 Bb7 12. Rd1 Nf6 13. Qc2 Qc7 14. Bf4 Bd6
15. Bxd6 Qxd6 16. Ne5 Nd7 17. Nxd7 Qxd7 18. c5 b5 19. a4 a6 20. a5 Rad8 21. Qc3
Qe7 22. f4 Qf6 23. Qe3 Rd7 24. Rd2 Rfd8 25. Rad1 Kf8 26. b4 Kg8 27. h4 h5 28.
Bf3 g6 29. Kf2 Kg7 30. Qe5 Qxe5 31. fxe5 f6 32. Ke3 f5 33. Kf4 Ba8 34. Kg5 Bb7
35. Bh1 Ba8 36. Bg2 Bb7 37. Bf3 Ba8 38. Rd3 Bb7 39. R1d2 Ba8 40. Bd1 Bb7 41.
Bf3 Ba8 42. Bd1 Bb7 43. Bf3 1/2-1/2

[Event "LA LUPA OPEN A "]
[Site "?"]
[Date "2019.06.06"]
[Round "6"]
[White "CASTELLANO, LORENZO."]
[Black "ROCCHI, FEDERICO."]
[Result "1/2-1/2"]
[WhiteElo "1841"]
[BlackElo "1903"]
[PlyCount "53"]

1. e4 c5 2. Nc3 g6 3. f4 Bg7 4. Nf3 Nc6 5. Bb5 Nd4 6. Bc4 d6 7. O-O Nh6 8. Nxd4
cxd4 9. Bb5+ Bd7 10. Bxd7+ Qxd7 11. Nd5 e6 12. Nb4 Rc8 13. c3 a5 14. Nd3 Qb5
15. Qf3 O-O 16. Nf2 f5 17. g4 fxg4 18. Nxg4 Nxg4 19. Qxg4 Rce8 20. Qg3 d5 21.
Qe1 Qd3 22. e5 Rf5 23. cxd4 Qxd4+ 24. Qe3 Qc4 25. d3 Qb5 26. a4 Qa6 27. Bd2 {
IL BIANCO CHIEDE PATTA} 1/2-1/2

[Event "LA LUPA OPEN A"]
[Site "?"]
[Date "2019.06.06"]
[Round "6"]
[White "RENZI, ALESSIO."]
[Black "GIORNI, MORENO."]
[Result "0-1"]
[WhiteElo "1744"]
[BlackElo "1970"]
[PlyCount "144"]
[SourceDate "2019.06.11"]

1. e4 Nf6 2. e5 Nd5 3. c4 Nb6 4. d4 d6 5. exd6 cxd6 6. Nc3 g6 7. Nge2 Bg7 8.
Be3 O-O 9. Ng3 f5 10. Qd2 e5 11. dxe5 dxe5 12. Qxd8 Rxd8 13. c5 N6d7 14. Bg5
Bf6 15. Bc4+ Kg7 16. Bxf6+ Nxf6 17. O-O Nc6 18. Rad1 Rxd1 19. Rxd1 Nd4 20. Nge2
Be6 21. Bxe6 Nxe6 22. b4 Rd8 23. Rxd8 Nxd8 24. Nb5 Nc6 25. a3 a5 26. Nd6 axb4
27. axb4 Nxb4 28. Nxb7 Kf7 29. f4 exf4 30. Nxf4 Ke7 31. Ne2 Kd7 32. Nd4 Ne4 33.
g3 Kc7 34. c6 Nxc6 35. Nxc6 Kxc6 36. Nd8+ Kd6 37. Kg2 Ke5 38. Kf3 Ng5+ 39. Kg2
Ne6 40. Nc6+ Ke4 41. Ne7 g5 42. Ng8 Ke5 43. Ne7 Nc5 44. Nc6+ Ke4 45. Ne7 f4 46.
gxf4 gxf4 47. Nc6 Nd3 48. Ne7 Ne5 49. h3 Ng6 50. Ng8 Ke3 51. Nf6 Ke2 52. Ne4
Nh4+ 53. Kg1 Nf3+ 54. Kg2 Nh4+ 55. Kg1 Ke1 56. Nf2 Nf3+ 57. Kg2 Ke2 58. Ne4
Ne1+ 59. Kg1 Nd3 60. Nc3+ Kf3 61. Kh2 Kf2 62. Ne4+ Kf1 63. Ng5 h6 64. Nf3 Kf2
65. Nd2 Ne1 66. Kh1 Kg3 67. h4 Kxh4 68. Kg1 Kg4 69. Kf2 Nd3+ 70. Kg2 h5 71. Nf1
f3+ 72. Kh1 Ne5 {IL BIANCO ABBANDONA} 0-1

[Event "LA LUPA OPEN A"]
[Site "?"]
[Date "2019.06.06"]
[Round "6"]
[White "BOLLA, VITTORIO."]
[Black "ARABITO, GIUSEPPE."]
[Result "0-1"]
[WhiteElo "1604"]
[BlackElo "1601"]
[PlyCount "82"]
[SourceDate "2019.06.11"]

1. e4 c5 2. c4 d6 3. Nf3 g6 4. d4 cxd4 5. Qxd4 Nf6 6. e5 Nc6 7. Qf4 Nxe5 8.
Nxe5 Qa5+ 9. Bd2 Qxe5+ 10. Qxe5 dxe5 11. Bc3 Nd7 12. Nd2 Bg7 13. Bd3 O-O 14.
O-O Nc5 15. Bc2 Rd8 16. Ne4 Ne6 17. Rad1 Nd4 18. Rfe1 Bg4 19. Rd2 Bh6 20. Bxd4
Bxd2 21. Nxd2 Rxd4 22. Nf1 f6 23. Ne3 Be6 24. b3 Rad8 25. Bb1 Kg7 26. Kf1 Rd2
27. h3 Rb2 28. Nd5 Bxd5 29. cxd5 Rxd5 30. Kg1 Rdd2 31. Rf1 f5 32. g3 e4 33. g4
e3 34. gxf5 Rxf2 35. Be4 gxf5 36. Bxb7 f4 37. Rxf2 Rxf2 38. a4 a5 39. Bd5 Kf6
40. b4 Ke5 41. Bb3 Rb2 {IL BIANCO ABBANDONA} 0-1

[Event "LA LUPA OPEN A"]
[Site "?"]
[Date "2019.06.06"]
[Round "6"]
[White "CONDORELLI, ROBERTO."]
[Black "CIVILOTTI, ROBERTO."]
[Result "0-1"]
[WhiteElo "1374"]
[BlackElo "1562"]
[PlyCount "34"]

1. e4 c5 2. Nc3 Nc6 3. Nf3 d6 4. d4 cxd4 5. Nxd4 e5 6. Nxc6 bxc6 7. Bc4 Be7 8.
O-O Nf6 9. h3 O-O 10. b3 Qc7 11. Bb2 Be6 12. Bxe6 fxe6 13. Ne2 Nxe4 14. f3 Nf6
15. c4 a5 16. Nc3 Nh5 17. Kf2 d5 0-1

[Event "LA LUPA OPEN A "]
[Site "?"]
[Date "2019.06.06"]
[Round "6"]
[White "NASCA, ANDREA."]
[Black "DE CATALDO, ANTONIO."]
[Result "1-0"]
[WhiteElo "1561"]
[BlackElo "1261"]
[PlyCount "41"]

1. e4 e5 2. Nf3 Nc6 3. Bb5 d6 4. d4 exd4 5. O-O Nge7 6. Nxd4 Bd7 7. Nxc6 bxc6
8. Ba4 g6 9. Qd4 Rg8 10. Bg5 Bg7 11. Bf6 Bxf6 12. Qxf6 c5 13. Bb3 Rf8 14. Nd2
Ng8 15. Qf4 Qf6 16. Qxf6 Nxf6 17. Nf3 h6 18. e5 Nh5 19. Rad1 dxe5 20. Nxe5 Bb5
21. Rfe1 1-0